L'homme traque.

Saved in:
Bibliographic Details
Main Author: Carco, Francis, 1886-1958
Format: Book
Language:French
Published: Paris : Michel, 1964.
Series:Livre de poche ; no.67
LEADER 00670nam a22001931 4500
001 c000203582
003 CARM
005 20021125002000.0
008 851113s1964 fr 1 fre d
019 1 |a 4135617  |5 LACONCORD2021 
035 |a (OCoLC)219203194  |5 LACONCORD2021 
100 1 |a Carco, Francis,  |d 1886-1958. 
245 1 2 |a L'homme traque. 
260 |a Paris :  |b Michel,  |c 1964. 
440 0 |a Livre de poche ;  |v no.67 
852 8 |b CARM  |h A2:AL07A0  |i A03182  |p 0293558  |f BK 
082 0 4 |a 843.9 
999 f f |i 547bca99-5f7c-52f7-8c80-4407dba1039a  |s f2918675-e7dd-5e29-8cff-3baf55b607b0 
952 f f |p Can circulate  |a CAVAL  |b CAVAL  |c CAVAL  |d CARM 1 Store  |e A03182  |f A2:AL07A0  |h Other scheme  |i book  |m 0293558